000 00961nam a2200265Ia 4500
003 OSt
005 20221005110854.0
006 a|||||r|||| 00| 0
007 ta
008 221004b |||||||| |||| 00| 0 hin d
020 _a9788126725151 (hbk)
_c400
024 _a13213
037 _bBR7983, 13/03/2014, Rajkamal Prakashan Pvt. Ltd.
_cTextual
040 _aCRL
_cCRL
_bhin
041 _2hin
_ahin
082 _aO152,2N282x, Q3
100 _aचव्हाण प्रमोद, संपा.
245 0 _aरंग सप्तक
246 _aRanga saptaka
260 _aनई दिल्ली
_bराजकमल प्रकाशन भारत
_c2013
300 _a179पृ0
_ccm.
650 _aहिन्दी साहित्य
942 _hO152,2N282x, Q3
_cTEXL
_2cc
999 _c1020141
_d1020141